emoji - Statistics

General Stats
  • This quiz has been taken 7 times
  • The average score is 6 of 9
Answer Stats
Picture Answer % Correct
happy emoji
83%
love emoji
83%
poop emoji
83%
phone emoji
67%
sad emoji
67%
sick emoji
67%
laughing emoji
50%
confused emoji
33%
rainbow emoji
33%
No matching quizzes found
Score Distribution
Percent of People with Each Score
Percentile by Number Answered
Your Score History
You have not taken this quiz